| 000 | 01038nam a2200241 a 4500 | ||
|---|---|---|---|
| 005 | 20240612064152.0 | ||
| 008 | 050919s1990 mx r 000 0 spa d | ||
| 020 | _a8424913345 (obra completa) | ||
| 035 | _aUPN01000140137 | ||
| 049 | _aC | ||
| 050 | 4 |
_aPC4620 _bR4.3 |
|
| 110 | 2 |
_aReal Academia Española _921927 |
|
| 245 | 1 | 0 |
_aDiccionario de autoridades / _cReal Academia Española. |
| 260 |
_aMadrid : _bGredos, _c1990. |
||
| 300 | _a3 v. | ||
| 440 | 0 | _aBiblioteca Románica hispánica | |
| 500 | _aEdición facsímil | ||
| 500 | _a"Diccionario de la lengua castellana, en que se explica el verdadero sentido de las voces, su naturaleza y calidad, con las phrases o modos de hablar, los proverbios o refranes, y otras cosas convenientes al uso de la lengua"/ publicado originalmente/"En la Imprenta de Francisco del Hierro en el año de 1726" | ||
| 505 | 8 |
_aContenido: _gv.1. _tA-C -- _gv.2. _tD-Ñ -- _gv.3. _tO-Z |
|
| 650 | 4 |
_aESPAÑOL - _vDICCIONARIOS _99421 |
|
| 740 | 0 | _aDiccionario de la lengua castellana | |
| 905 | _aLibro | ||
| 999 |
_c112285 _d112285 |
||